000 00444nam a22001691a 4500
001 5384
003 OSt
005 20260204212013.0
008 060119s1987||||dr ||||||b||||||||||spa||
050 _a863.44 M331a
100 _aMarcalle Abreu, Roberto
245 _aAlternativas para una existencia gris / Roberto Marcalle Abreu
264 _aSanto Domingo : Santo Domingo
300 _a229 p
650 _aCuento DominicanoÌ
942 _2ddc
_cBK
999 _c5384
_d5384